New York Giants Season Records - Statistics

General Stats
  • This quiz has been taken 57 times
    18 since last reset
  • The average score is 49 of 101
Answer Stats
Year Answer % Correct
2025 Losing
100%
2024 Losing
100%
2023 Losing
94%
2021 Losing
94%
2020 Losing
94%
2019 Losing
94%
2018 Losing
94%
2017 Losing
94%
2022 Winning
94%
2016 Winning
94%
2015 Losing
81%
2014 Losing
81%
2013 Losing
81%
2009 Tied
81%
2012 Winning
81%
2011 Winning
81%
2010 Winning
81%
2008 Winning
81%
2007 Winning
81%
2004 Losing
75%
2006 Tied
75%
2005 Winning
75%
2003 Losing
69%
2002 Winning
69%
2001 Tied
63%
2000 Winning
63%
1994 Winning
56%
1993 Winning
56%
1990 Winning
56%
1989 Winning
56%
1988 Winning
56%
1998 Losing
50%
1996 Losing
50%
1995 Losing
50%
1992 Losing
50%
1987 Losing
50%
1983 Losing
50%
1982 Losing
50%
1980 Losing
50%
1979 Losing
50%
1978 Losing
50%
1977 Losing
50%
1976 Losing
50%
1975 Losing
50%
1974 Losing
50%
1973 Losing
50%
1999 Tied
50%
1991 Tied
50%
1997 Winning
50%
1986 Winning
50%
1985 Winning
50%
1984 Winning
50%
1981 Winning
50%
1971 Losing
44%
1969 Losing
44%
1968 Tied
44%
1967 Tied
44%
1972 Winning
44%
1970 Winning
44%
1966 Losing
38%
1964 Losing
38%
1965 TIed
38%
1963 Winning
38%
1962 Winning
38%
1961 Winning
38%
1960 Winning
38%
1959 Winning
38%
1958 Winning
38%
1957 Winning
38%
1953 Losing
31%
1949 Losing
31%
1948 Losing
31%
1956 Winning
31%
1955 Winning
31%
1954 Winning
31%
1952 Winning
31%
1951 Winning
31%
1950 Winning
31%
1945 Losing
25%
1947 Tied
25%
1942 Tied
25%
1946 Winning
25%
1944 Winning
25%
1943 Winning
25%
1936 Losing
19%
1932 Losing
19%
1931 Losing
19%
1941 Winning
19%
1940 Winning
19%
1939 Winning
19%
1938 Winning
19%
1937 Winning
19%
1935 Winning
19%
1934 Winning
19%
1933 Winning
19%
1930 Winning
19%
1929 Winning
19%
1928 Losing
13%
1927 Winning
13%
1926 Winning
13%
1925 Winning
13%
No matching quizzes found
Score Distribution
Percent of People with Each Score
Percentile by Number Answered
Your Score History
You have not taken this quiz since the last reset